Society and the young school leaver : A humanities programme in preration for the raising of the school leaving age (Record no. 413781)

000 -LEADER
fixed length control field 00546cam a22001577a 4500
008 - FIXED-LENGTH DATA ELEMENTS--GENERAL INFORMATION
fixed length control field 180718b1967 xxu||||| |||| 00| 0 eng d
020 ## - INTERNATIONAL STANDARD BOOK NUMBER
International Standard Book Number 11 880024 8
082 ## - DEWEY DECIMAL CLASSIFICATION NUMBER
Classification number Px42Un3 67
100 ## - MAIN ENTRY--PERSONAL NAME
Personal name London; School Council
245 ## - TITLE STATEMENT
Title Society and the young school leaver : A humanities programme in preration for the raising of the school leaving age
Statement of responsibility, etc. By School Council
260 ## - PUBLICATION, DISTRIBUTION, ETC.
Place of publication, distribution, etc. London
Name of publisher, distributor, etc. HMSO
Date of publication, distribution, etc. 1967
300 ## - PHYSICAL DESCRIPTION
Extent 84p.
500 ## - GENERAL NOTE
General note Working paper No. 11
650 ## - SUBJECT ADDED ENTRY--TOPICAL TERM
Topical term or geographic name entry element Educational innovations -- Great Britain
650 ## - SUBJECT ADDED ENTRY--TOPICAL TERM
Topical term or geographic name entry element Dropouts -- Great Britain
Holdings
Withdrawn status Lost status Damaged status Not for loan Permanent Location Current Location Date acquired Full call number Barcode Date last seen Price effective from Koha item type
        Indian Institute of Public Administration Indian Institute of Public Administration 2009-02-19 Px42Un3 67 U199 2018-07-21 2018-07-21 U

Powered by Koha